Sensors based on polymer nanocomposites dissertation nanocomposites

Enregistré dans:
Détails bibliographiques
Auteur principal: Kuliček, Jaroslav
Format: Livre
Langue:anglais
Publié: Bratislava STU FCHPT 2017
Accès en ligne:Voir à l'OPAC
Tags: Ajouter un tag
Pas de tags, Soyez le premier à ajouter un tag!

MARC

LEADER 00000nam a2200000 a 4500
005 20260127134126.0
008 200306 2017 xo a 001 0 eng d
035 |a vtls011922379 
039 9 |y 202003060858  |z mschk03 
040 |a STUSCHK1  |b slo  |c STUSCHK1  |e AACR2 
100 1 |a Kuliček, Jaroslav 
245 1 |a Sensors based on polymer nanocomposites  |b dissertation nanocomposites  |c Jaroslav Kuliček 
260 |a Bratislava  |b STU FCHPT  |c 2017 
300 |a 132 s.  |b ill.  |c 25 cm 
500 |a Study programme: Macromolecular Chemistry 
500 |a Study field: Macromolecular Chemistry 
500 |a Workplace: Department of Plastics,Rubber and Fibres, Department: Polymer Institute SAV 
910 |a SCHK95 
999 |c 4658  |d 4658